<?xml version="1.0" encoding="UTF-8"?>
<record
    xmlns:xsi="http://www.w3.org/2001/XMLSchema-instance"
    xsi:schemaLocation="http://www.loc.gov/MARC21/slim http://www.loc.gov/standards/marcxml/schema/MARC21slim.xsd"
    xmlns="http://www.loc.gov/MARC21/slim">

  <leader>02989    a2200349   4500</leader>
  <controlfield tag="001">63748</controlfield>
  <controlfield tag="005">20260407155937.0</controlfield>
  <controlfield tag="008">260407a2025    arg                 spa d</controlfield>
  <controlfield tag="003">AR-UNSa-BCEJYS</controlfield>
  <datafield tag="040" ind1=" " ind2=" ">
    <subfield code="a">AR-UNSa-BCEJYS</subfield>
    <subfield code="b">spa</subfield>
    <subfield code="c">AR-UNSa-BCEJYS</subfield>
  </datafield>
  <datafield tag="080" ind1=" " ind2=" ">
    <subfield code="a">349.2(094.5)</subfield>
    <subfield code="x">(Legislaci&#xF3;n del trabajo (Legislaci&#xF3;n laboral, contrato de trabajo,procedimiento laboral,riesgo laboral etc.))</subfield>
  </datafield>
  <datafield tag="245" ind1="1" ind2="0">
    <subfield code="a">Manual de riesgos laborales</subfield>
    <subfield code="p">De la prevenci&#xF3;n a la reparaci&#xF3;n</subfield>
  </datafield>
  <datafield tag="020" ind1=" " ind2=" ">
    <subfield code="a">978-987-03-4864-1</subfield>
  </datafield>
  <datafield tag="264" ind1=" " ind2="1">
    <subfield code="a">Buenos Aires :</subfield>
    <subfield code="b">La Ley</subfield>
    <subfield code="c">2025</subfield>
  </datafield>
  <datafield tag="300" ind1=" " ind2=" ">
    <subfield code="a">xxix, 313 p.</subfield>
    <subfield code="c">25 cm.</subfield>
  </datafield>
  <datafield tag="505" ind1=" " ind2=" ">
    <subfield code="a">1. La complejidad de la prevenci&#xF3;n de los riesgos laborales / Carlos Mar&#xED;a Vargas G&#xF3;mez - 2. La influencia de la cultura organizacional en la prevenci&#xF3;n de riesgos laborales: un enfoque psico-sociol&#xF3;gico / David &#xC1;ngel Mart&#xED;nez - 3. Interacci&#xF3;n de la prevenci&#xF3;n de infortunios laborales entre la LRT y el C&#xF3;digo Civil y Comercial de la Naci&#xF3;n / Martha In&#xE9;s Ugolini y Marcela Fernanda Vargas G&#xF3;mez - 4. De las obligaciones en el sistema de riesgos del trabajo / &#xC1;ngela Generosa Oieni - 5. Responsabilidad tarifada en el sistema de riesgos del trabajo: an&#xE1;lisis de contingencias, pluriempleo y relaciones laborales finalizadas / Martha In&#xE9;s Ugolini - 6. Denuncia de la contingencia / Martha In&#xE9;s Ugolini - 7. Tipos de incapacidad y prestaciones dinerarias y en especie / Mat&#xED;as Benjam&#xED;n Cardozo - 8. Relaciones de las contingencias laborales con el contrato de trabajo / Mat&#xED;as Benjam&#xED;n Cardozo y Martha In&#xE9;s Ugolini - 9. Contingencias cubiertas por el sistema de riesgos del trabajo / Marcela Fernanda Vargas G&#xF3;mez y Ariel Valdivia Dahl - 10. El COVID-19 como riesgo del trabajo / Mar&#xED;a Paula Motti - 11. Nuevas contingencias laborales: el teletrabajo / &#xC1;ngela Generosa Oieni - 12. L&#xED;mites cualitativos de la cobertura sist&#xE9;mica / Mar&#xED;a Paula Motti - 13. Comisiones m&#xE9;dicas / Marcela Fernanda Vargas G&#xF3;mez y Ariel Valdivia Dahl - 14. Patrocinio letrado / Karina Andrea L&#xF3;pez - 15. Procedimiento ante Comisi&#xF3;n m&#xE9;dica central / Antonio Luis Sambucetti, Elena Elizabeth Scarlato y Ariel Valdivia Dahl / 16. Tr&#xE1;mites ante el servicio de homologaci&#xF3;n de la SRT y valoraci&#xF3;n de da&#xF1;o / &#xC1;ngela Generosa Oieni - 17. Procedimiento ante el servicio de homologaci&#xF3;n por fallecimiento laboral (casos mortales) / Karina Andrea L&#xF3;pez - </subfield>
  </datafield>
  <datafield tag="041" ind1=" " ind2=" ">
    <subfield code="a">spa</subfield>
  </datafield>
  <datafield tag="942" ind1=" " ind2=" ">
    <subfield code="c">BK</subfield>
  </datafield>
  <datafield tag="590" ind1=" " ind2=" ">
    <subfield code="a">niveau_biblio:m niveau_hierar:0</subfield>
  </datafield>
  <datafield tag="100" ind1="1" ind2=" ">
    <subfield code="a">Vargas G&#xF3;mez, Marcela Fernanda</subfield>
  </datafield>
  <datafield tag="700" ind1="1" ind2=" ">
    <subfield code="a">Cardozo, Mat&#xED;as Benjam&#xED;n</subfield>
  </datafield>
  <datafield tag="700" ind1="1" ind2=" ">
    <subfield code="a">L&#xF3;pez, Karina Andrea</subfield>
  </datafield>
  <datafield tag="700" ind1="1" ind2=" ">
    <subfield code="a">Mart&#xED;nez, David &#xC1;ngel</subfield>
  </datafield>
  <datafield tag="700" ind1="1" ind2=" ">
    <subfield code="a">Motti, Mar&#xED;a Paula</subfield>
  </datafield>
  <datafield tag="700" ind1="1" ind2=" ">
    <subfield code="a">Oieni, &#xC1;ngela Generosa</subfield>
  </datafield>
  <datafield tag="700" ind1="1" ind2=" ">
    <subfield code="a">Sambucetti, Antonio Luis</subfield>
  </datafield>
  <datafield tag="700" ind1="1" ind2=" ">
    <subfield code="a">Scarlato, Elena Elizabeth</subfield>
  </datafield>
  <datafield tag="700" ind1="1" ind2=" ">
    <subfield code="a">Ugolini, Martha In&#xE9;s</subfield>
  </datafield>
  <datafield tag="700" ind1="1" ind2=" ">
    <subfield code="a">Valdivia Dahl, Ariel</subfield>
  </datafield>
  <datafield tag="700" ind1="1" ind2=" ">
    <subfield code="a">Vargas G&#xF3;mez, Carlos Mar&#xED;a</subfield>
  </datafield>
  <datafield tag="856" ind1="4" ind2="1">
    <subfield code="u">https://biblioeco.unsa.edu.ar/pmb/images/libros/L129431.jpg</subfield>
    <subfield code="y">Imagen de portada</subfield>
    <subfield code="q">image/jpeg</subfield>
  </datafield>
  <datafield tag="999" ind1=" " ind2=" ">
    <subfield code="c">8308</subfield>
    <subfield code="d">8308</subfield>
  </datafield>
  <datafield tag="952" ind1=" " ind2=" ">
    <subfield code="0">0</subfield>
    <subfield code="1">0</subfield>
    <subfield code="4">0</subfield>
    <subfield code="7">0</subfield>
    <subfield code="a">BCEJYS</subfield>
    <subfield code="b">BCEJYS</subfield>
    <subfield code="c">16</subfield>
    <subfield code="d">2026-04-07</subfield>
    <subfield code="l">0</subfield>
    <subfield code="o">349.2(094.5) V297</subfield>
    <subfield code="p">L129431</subfield>
    <subfield code="r">2026-04-07 15:59:37</subfield>
    <subfield code="w">2026-04-07</subfield>
    <subfield code="y">L</subfield>
  </datafield>
  <datafield tag="952" ind1=" " ind2=" ">
    <subfield code="0">0</subfield>
    <subfield code="1">0</subfield>
    <subfield code="4">0</subfield>
    <subfield code="7">0</subfield>
    <subfield code="a">BCEJYS</subfield>
    <subfield code="b">BCEJYS</subfield>
    <subfield code="c">16</subfield>
    <subfield code="d">2026-04-07</subfield>
    <subfield code="l">0</subfield>
    <subfield code="o">349.2(094.5) V297</subfield>
    <subfield code="p">L129432</subfield>
    <subfield code="r">2026-04-07 15:59:37</subfield>
    <subfield code="w">2026-04-07</subfield>
    <subfield code="y">L</subfield>
  </datafield>
</record>
